| 000 | 00783nam a2200205 a 4500 | ||
|---|---|---|---|
| 001 | 000045355 | ||
| 005 | 20240508073817.0 | ||
| 008 | 111027s2014 dr 000 0 spa d | ||
| 040 |
_aDO-SdBNP _bspa _cBNPHU |
||
| 082 |
_a344.7293092 _bR426L, 2014 |
||
| 110 | 1 |
_aRepública Dominicana. _9447 |
|
| 240 | 1 | 0 | _a[Leyes, etc.] |
| 245 | 1 | 0 |
_aLey general de archivos de la República Dominicana Nº. 481-08 y su reglamento de aplicación decreto nº. 129-10 / _ceditor Ángel Hernández. |
| 260 |
_aSanto Domingo : _bArchivo General de la Nación, _c2014. |
||
| 300 |
_a123 p. ; _c23 cm. |
||
| 590 | _aInventariado, 2018/ YL | ||
| 650 | 4 |
_aLegislación archivística _zRepública Dominicana _973384 |
|
| 700 | 1 | 2 |
_aHernández, Ángel _eed. _911092 |
| 910 | _aValidado. Control de calidad MFF | ||
| 999 |
_c44844 _d44844 |
||